[Event "Tourn. n9721"]
[Site "www.chess-mail.com"]
[Date "2018.06.03"]
[Round "1"]
[White "Bojan"]
[Black "Ditto"]
[WhiteElo "1940"]
[BlackElo "1980"]
[Result "1-0"]
[Round "1"]
1.e4 e5
2.Ng1f3 Nb8c6
3.c3 Bf8c5
4.Bf1c4 Ng8f6
5.d3 d6
6.a3 a5
7.a4 Bc8g4
8.Qd1b3 Qd8d7
9.Nb1d2 Ra8b8
10.h3 Bg4h5
11.g4 Bh5g6
12.Nf3h4 Nc6e7
13.Nd2f3 c6
14.Bc1e3 Bc5xe3
15.Nh4xg6 Ne7xg6
16.fxe3 O-O
17.Qb3c2 d5
18.exd5 cxd5
19.Bc4b3 b6
20.Qc2g2 Qd7c8
21.g5 Nf6d7
22.Bb3xd5 Qc8c5
23.e4 Ng6f4
24.Qg2d2 Qc5d6
25.Bd5c4 Nd7c5
26.d4 Nc5xe4
27.Qd2c2 Ne4g3
28.Rh1g1 Ng3h5
29.Nf3xe5 Nf4xh3
30.Rg1h1 Nh3f4
31.O-O-O Rb8c8
32.Bc4b5 Qd6d5
33.Rh1h4 Qd5d8
34.Ne5f3 Qd8d5
35.Rd1f1 Qd5d6
36.Nf3e5 Qd6d5
37.Rf1xf4 g6
38.Ne5g4 Qd5xg5
39.Ng4f6 Nh5xf6
40.Kb1 Qg5g1
41.Ka2 Nf6d5
42.Rf4f1 Qg1g3
43.Rf1h1 h5
44.Rh4h2 Nd5b4
45.cxb4 Rc8xc2
46.Rh2xc2 axb4
47.Rc2c1 Rf8d8
48.Rc1d1 Kg7
49.Rd1d3 Qg3g2
50.Rh1d1 h4
51.Kb3 h3
52.Rd1d2 Qg2g4
53.Bb5c6 Qg4e6
54.d5 Qe6f5
55.d6 Qf5e6
56.Kxb4 Qe6g4
57.Rd3d4 Qg4f5
58.Rd4d5 Qf5c8
59.Kb5 Qc8b8
60.Rd5d3 Qb8a7
61.b4 f6
62.Rd3xh3 Qa7f7
63.Rd2d4 f5
64.Kxb6 Rd8b8
65.Kc5 Qf7f6
66.Rh3d3 Qf6e5
67.Rd4d5 Qe5b2
68.Rd3d4 Qb2c1
69.Rd4c4 Qc1g1
70.Rd5d4 Qg1g5
71.Rd4f4 Qg5d8
72.a5 Qd8c8
73.b5 Rb8a8
74.a6 Ra8a7
75.Rc4d4 Kf6
76.d7 Qc8d8
77.Rd4d6 Kf7
78.Rf4a4 Kg7
79.b6 Ra7a8
80.a7 Qd8f8
81.b7 Ra8d8
82.a8Q Kh6
83.Ra4h4 Kg5
84.Qa8a4 Qf8e7
85.Qa4f4 { resign }
1-0

[Event "Tourn. n9745"]
[Site "www.chess-mail.com"]
[Date "2018.06.03"]
[Round "1"]
[White "Bronstein70"]
[Black "Seger"]
[WhiteElo "2470"]
[BlackElo "2770"]
[Result "0-1"]
[Round "1"]
1.e4 c5
2.f4 d6
3.Ng1f3 Nb8c6
4.Bf1b5 Bc8d7
5.Nb1c3 g6
6.O-O Bf8g7
7.Bb5xc6 Bd7xc6
8.d4 cxd4
9.Nf3xd4 Ng8f6
10.Nd4xc6 bxc6
11.Bc1e3 O-O
12.Ra1b1 Qd8a5
13.b4 Qa5c7
14.Be3d4 a5
15.b5 cxb5
16.Rb1xb5 e6
17.e5 dxe5
18.fxe5 Nf6d7
19.Qd1e2 Ra8c8
20.Rf1d1 a4
21.Nc3xa4 Qc7xc2
22.Qe2xc2 Rc8xc2
23.Bd4b2 Rc2c7
24.Rb5a5 h5
25.h3 Rf8b8
26.Bb2d4 Rc7c4
27.Na4b2 Rc4xd4
28.Rd1xd4 Nd7xe5
29.Rd4d2 Ne5c6
30.Ra5a6 Bg7c3
31.Rd2d3 Nc6b4
32.Rd3xc3 Nb4xa6
33.Nb2d3 Rb8b1
34.Kf2 Rb1a1
35.Rc3a3 Na6c7
 { time }
0-1

[Event "Tourn. n9793"]
[Site "www.chess-mail.com"]
[Date "2018.06.03"]
[Round "1"]
[White "Passaroa25"]
[Black "Gandalf50"]
[WhiteElo "1560"]
[BlackElo "1629"]
[Result "0-1"]
[Round "1"]
1.Nb1c3 f5
2.Ng1f3 Ng8f6
3.d4 d5
4.Nf3e5 e6
5.f3 c6
6.e3 Bf8d6
7.Bc1d2 Qd8e7
8.Bf1d3 O-O
9.h3 Bc8d7
10.Nc3a4 Bd7e8
11.Bd3e2 Nb8d7
12.Na4c5 Nd7xc5
13.dxc5 Bd6xe5
14.c3 Be5g3
15.Kf1 Qe7xc5
16.b4 Qc5b6
17.Qd1c1 e5
18.Bd2e1 Bg3xe1
19.Kxe1 Ra8d8
20.Qc1d2 d4
21.Qd2c2 Kh8
22.Qc2xf5 dxc3
23.Ra1d1 Rd8xd1
24.Be2xd1 Qb6xe3
25.Bd1e2 Be8g6
26.Qf5e6 c2
27.Qe6b3 c1Q
28.Qb3d1 Qc1xd1
29.Kxd1 Rf8d8
30.Ke1 Rd8d2
31.g4 Qe3xe2

0-1

[Event "Tourn. n9788"]
[Site "www.chess-mail.com"]
[Date "2018.06.03"]
[Round "1"]
[White "Hundegana"]
[Black "Caroluigi"]
[WhiteElo "2040"]
[BlackElo "2130"]
[Result "1-0"]
[Round "1"]
1.e4 e5
2.Ng1f3 Nb8c6
3.c4 Ng8f6
4.Nb1c3 Bf8c5
5.h3 d6
6.a3 a6
7.Bf1e2 O-O
8.Ra1b1 Rf8e8
9.O-O Ra8b8
10.b4 Bc5d4
11.Nf3xd4 Nc6xd4
12.d3 Bc8d7
13.Bc1e3 Nd4c6
14.c5 Bd7e6
15.f4 dxc5
16.bxc5 exf4
17.Be3xf4 Qd8d4
18.Kh1 Qd4xc3
19.Bf4xc7 Qc3xc5
20.Bc7xb8 Re8xb8
21.a4 Nc6d4
22.Rb1c1 Qc5a5
23.Be2g4 Nf6xg4
24.hxg4 Be6b3
25.Qd1e1 Qa5d8
26.Qe1f2 Nd4c6
27.Rc1c3 Bb3e6
28.Qf2f4 Nc6d4
29.Rc3c7 Qd8h4
30.Qf4h2 Qh4xh2
31.Kxh2 f6
32.Kh3 h5
33.Kg3 Be6xg4
34.Rf1b1 b5
35.axb5 axb5
36.Rb1b4 Rb8d8
37.Kf2 Nd4e6
38.Rc7b7 Ne6f4
39.Rb4xb5 Nf4xd3
40.Ke3 Nd3e5
41.Rb5b3 Rd8d1
42.Rb7a7 Ne5c4
43.Kf4 Rd1d7
44.Ra7a8  { time }
1-0

[Event "Tourn. n9794"]
[Site "www.chess-mail.com"]
[Date "2018.06.03"]
[Round "1"]
[White "Prize64"]
[Black "Abuelo"]
[WhiteElo "2110"]
[BlackElo "2050"]
[Result "1-0"]
[Round "1"]
1.Ng1f3 d5
2.c4 e6
3.g3 Nb8c6
4.Bf1g2 Ng8f6
5.O-O Bf8d6
6.cxd5 exd5
7.b3 Bc8g4
8.Bc1b2 Bg4xf3
9.Bg2xf3 Nc6e5
10.Bf3g2 c6
11.h3 O-O
12.d4 Ne5g6
13.Nb1c3 a6
14.Qd1c2 Qd8d7
15.Rf1e1 Ra8e8
16.Nc3a4 Qd7c7
17.Na4c5 Bd6xc5
{ time. }
1-0

[Event "Tourn. n9806"]
[Site "www.echecsemail.com"]
[Date "2018.06.03"]
[Round "1"]
[White "Attatroll"]
[Black "Falcoale"]
[WhiteElo "1980"]
[BlackElo "1950"]
[Result "0-1"]
[Round "1"]
1.e4 c5
2.Nb1c3 e6
3.g4 Nb8c6
4.Bf1g2 a6
5.d3 Ng8f6
6.h3 h6
7.Ng1f3 d6
8.O-O Bf8e7
9.a3 O-O
10.Bc1e3 d5
11.exd5 exd5
12.Be3f4 Bc8e6
13.Rf1e1 Nf6h7
14.Nf3e5 Nh7f6
15.Qd1d2 Nc6xe5
16.Bf4xe5 Nf6d7
17.Be5g3 Nd7f6
18.Ra1d1 Be7d6
19.Bg3xd6 Qd8xd6
20.f4 Ra8b8
21.f5 Be6d7
22.Re1e2 Bd7c6
23.Rd1e1 Rb8e8
24.Re2xe8 Nf6xe8
25.Qd2e2 Ne8f6
26.Qe2e7 Qd6g3
27.Re1e3 Qg3b8
28.Nc3e2 Rf8e8
29.Qe7xe8 Nf6xe8
{ resign }
0-1

[Event "Match"]
[Site "www.echecsemail.com"]
[Date "2018.06.03"]
[Round "1"]
[White "Aiko1603"]
[Black "Tonino1"]
[WhiteElo "2130"]
[BlackElo "1950"]
[Result "0-1"]
[Round "1"]
1.c4 Ng8f6
2.Nb1c3 g6
3.g3 Bf8g7
4.Bf1g2 O-O
5.Ng1f3 d6
6.d4 c6
7.O-O Qd8c7
8.Bc1f4 Nf6h5
9.Qd1d2 Nh5xf4
10.Qd2xf4 e5
11.dxe5 dxe5
12.Qf4g5 h6
13.Qg5e3 Bc8e6
14.b3 Nb8d7
15.Ra1d1 Qc7b6
16.Qe3c1 Ra8d8
17.Nc3e4 f5
18.Ne4c3 e4
19.Nc3a4 exf3
20.Na4xb6 fxg2
21.Kxg2 Nd7xb6
22.Qc1e3 Be6f7
23.Rd1xd8 Rf8xd8
24.Qe3e7 Rd8d7
25.Qe7a3 a6
26.Qa3c5 Bg7d4
27.Qc5b4 Nb6c8
28.Qb4d2 Nc8b6
29.Qd2xh6 c5
30.Qh6g5 Kg7
31.h4 Bd4f6
32.Qg5c1 Rd7d4
33.e3 Rd4d3
34.Qc1c2 Rd3d6
35.e4 fxe4
36.Qc2xe4 Rd6d7
37.Qe4e3 Bf6d4
38.Qe3g5 Nb6c8
39.h5 Nc8e7
40.hxg6 Bf7xg6
41.Rf1e1 Bd4f6
42.Qg5xc5 Ne7f5
43.Qc5c8 Rd7f7
44.Re1h1 Nf5h6
45.Rh1e1 Bg6f5
46.Qc8e8 Nh6g8
47.c5 Ng8e7
48.f4 Ne7c6
49.Re1h1 Rf7e7
50.Qe8h8 Kf7
51.Qh8h5 Bf5g6
52.Qh5d5 Kf8
53.f5 Bg6f7
54.Qd5d2 Nc6d4
55.Rh1f1 Re7e2
{ resign }
0-1

[Event "Tourn. n9818"]
[Site "www.echecsemail.com"]
[Date "2018.06.03"]
[Round "1"]
[White "Tonino1"]
[Black "Fegatux"]
[WhiteElo "2020"]
[BlackElo "2300"]
[Result "0-1"]
[Round "1"]
1.d4 d5
2.f4 Ng8f6
3.e3 Bc8g4
4.Ng1f3 e6
5.Bf1d3 Nf6e4
6.O-O f5
7.Nb1d2 Bf8d6
8.Qd1e1 O-O
9.Nf3e5 Bd6xe5
10.fxe5 Nb8d7
11.Nd2xe4 fxe4
12.Rf1xf8 Qd8xf8
13.Qe1g3 Bg4f5
14.Bd3e2 Qf8e7
15.Bc1d2 c5
16.c3 c4
17.Ra1f1 b5
18.Be2g4 Bf5xg4
19.Qg3xg4 Ra8f8
20.Rf1xf8 Nd7xf8
21.h4 Nf8g6
22.g3 Ng6f8
23.Qg4h3 g6
24.a3 Qe7f7
25.g4 h6
26.Qh3f1 Qf7e7
27.Qf1f2 Kg7
28.Bd2e1 g5
29.h5 Qe7f7
30.Qf2xf7 Kxf7
31.Kf2 Nf8d7
32.Ke2 Ke7
33.Kd1 Kd8
34.Kc2 Nd7b6
35.Be1d2 Kc7
36.Kb1 Kb7
37.Kc2 Ka6
38.Bd2e1 Ka5
39.Be1d2 Ka4
40.Bd2e1 a6
41.Be1d2 a5
42.Bd2e1 Nb6c8
43.Be1d2 Nc8e7
44.Bd2e1 Ne7c6
45.Be1d2 b4
46.axb4 axb4
47.cxb4 Nc6xb4
48.Bd2xb4 Kxb4
49.Kd2 Kb3
50.Kc1 c3
51.bxc3 Kxc3
 { time }
0-1

[Event "Match"]
[Site "www.echecsemail.com"]
[Date "2018.06.03"]
[Round "1"]
[White "Lcbunghai"]
[Black "Aiko1603"]
[WhiteElo "2070"]
[BlackElo "2130"]
[Result "1/2-1/2"]
[Round "1"]
1.e4 c5
2.Ng1f3 Nb8c6
3.d4 cxd4
4.Nf3xd4 g6
5.Nb1c3 Bf8g7
6.Nd4xc6 Bg7xc3
7.bxc3 bxc6
8.Bf1c4 e6
9.O-O d5
10.exd5 exd5
11.Rf1e1 Bc8e6
12.Bc4b3 Qd8f6
13.Bc1b2 Qf6g5
14.Qd1f3 Ng8e7
15.c4 Rh8g8
16.cxd5 Ne7xd5
17.Bb3xd5 Qg5xd5
18.Qf3xd5 cxd5
19.Ra1d1 O-O-O
20.a3 Kb7
21.Rd1b1 Kc6
22.Bb2d4 Rd8d7
23.Rb1b2 Rg8c8
24.c3 Rd7b7
25.Rb2xb7 Kxb7
26.h3 a6
27.Re1b1 Kc7
28.Bd4e5 { draw }
1/2-1/2

[Event "Tourn. n9832"]
[Site "www.echecsemail.com"]
[Date "2018.06.03"]
[Round "1"]
[White "Hundegana"]
[Black "Paes19"]
[WhiteElo "2060"]
[BlackElo "1910"]
[Result "1-0"]
[Round "1"]
1.e4 e6
2.d4 d5
3.e5 Ng8e7
4.g4 Ne7g6
5.Ng1f3 Bf8e7
6.g5 O-O
7.c3 Bc8d7
8.h4 Bd7e8
9.h5 Ng6h8
10.Qd1c2 Nb8d7
11.Nb1d2 c5
12.b3 Be7xg5
13.Nf3xg5 Qd8xg5
14.Nd2f3 Qg5d8
15.Rh1g1 f6
16.Bc1h6 Rf8f7
17.O-O-O Kf8
18.Bh6e3 fxe5
19.Nf3g5 Rf7f5
20.Ng5xe6 { resign }
1-0

[Event "Tourn. n9811"]
[Site "www.echecsemail.com"]
[Date "2018.06.03"]
[Round "1"]
[White "Fantomas"]
[Black "Andychesston"]
[WhiteElo "2180"]
[BlackElo "2120"]
[Result "1-0"]
[Round "1"]
1.e4 e5
2.Ng1f3 Nb8c6
3.Bf1b5 d6
4.Nb1c3 Bc8g4
5.h3 Bg4h5
6.Qd1e2 Ng8f6
7.Qe2e3 Bf8e7
8.Nc3d5 O-O
9.Nd5xe7 Nc6xe7
10.Nf3h4 c6
11.Bb5a4 b5
12.Ba4b3 d5
13.f3 Kh8
14.g4 Bh5g6
15.Nh4f5 Nf6g8
16.h4 h6
17.Nf5xe7 Ng8xe7
18.d3 d4
19.Qe3g1 f6
20.Qg1g3 Bg6f7
21.Bb3xf7 Rf8xf7
22.g5 g6
23.gxf6 Rf7xf6
24.Bc1xh6 Qd8g8
25.Qg3xe5 Kh7
26.Qe5xe7 Rf6f7
27.Qe7g5 Ra8e8
28.Ke2 Rf7f5
29.Qg5d2 Rf5h5
30.Bh6g5 Re8e5
31.b3 c5
32.Ra1f1 c4
33.f4 c3
34.Qd2e1 Re5e6
35.f5 Re6a6
36.fxg6 Qg8xg6
37.Qe1g3 Ra6xa2
38.Qg3c7 Kg8
39.Qc7d8 Kh7
40.Qd8xd4 Ra2xc2
41.Ke3 Qg6b6
42.Rf1f7 Kg8
43.Rh1f1 Rc2e2
44.Kxe2 Qb6xd4
45.Rf7f8 Kh7
46.Rf1f7 Kg6
47.Rf7f6 Kg7
48.Rf6f1 c2
49.Bg5f6 Qd4xf6
50.Rf8xf6 c1N
51.Rf1xc1 Kxf6
52.Rc1c6 Ke7
53.Rc6c7 Kd6
54.Rc7xa7 Rh5xh4
55.Ke3 Kc5
56.Ra7c7 Kb4
57.e5 Kxb3
58.e6 Rh4h3
59.Ke4 Rh3h4
60.Kd5 b4
61.e7 Rh4h5
62.Kd6 Rh5h6
63.Kd7 Rh6h7
64.Kd8 Rh7h3
65.e8Q Rh3xd3
66.Kc8 Kb2
67.Qe8e2 { resign }
1-0

[Event "Match"]
[Site "www.echecsemail.com"]
[Date "2018.06.03"]
[Round "1"]
[White "Micheles"]
[Black "Tonino1"]
[WhiteElo "2630"]
[BlackElo "2200"]
[Result "0-1"]
[Round "1"]
1.d4 d6
2.Ng1f3 Ng8f6
3.Bc1g5 c6
4.Nb1d2 Qd8c7
5.e4 h6
6.Bg5e3 e5
7.Bf1d3 Bf8e7
8.h3 O-O
9.c3 Bc8e6
10.O-O Nb8d7
11.c4 exd4
12.Nf3xd4 Nd7c5
13.Bd3c2 a5
14.Nd4xe6 fxe6
15.Be3xc5 dxc5
16.f4 Ra8d8
17.e5 Nf6h7
18.Qd1e2 Rd8d4
19.g3 Rf8d8
20.Kg2 Rd4xd2
{ resign }
0-1

[Event "Match"]
[Site "www.echecsemail.com"]
[Date "2018.06.03"]
[Round "1"]
[White "Ditto"]
[Black "Juheset"]
[WhiteElo "1860"]
[BlackElo "1809"]
[Result "1-0"]
[Round "1"]
1.e4 c6
2.Nb1c3 e5
3.Ng1f3 d6
4.Bf1c4 b5
5.Bc4b3 Ng8f6
6.d3 a5
7.a3 Bc8b7
8.Bc1g5 Bf8e7
9.O-O d5
10.Nf3xe5 O-O
11.Qd1f3 a4
12.Bb3a2 d4
13.Nc3e2 c5
14.Ne2g3 Nb8c6
15.Bg5f4 Nc6xe5
16.Bf4xe5 Qd8b6
17.Ng3f5 Ra8e8
18.Qf3g3 Nf6h5
19.Qg3f3 g6
20.Nf5h6 { resign }
1-0

[Event "Match"]
[Site "www.echecsemail.com"]
[Date "2018.06.03"]
[Round "1"]
[White "Tonino1"]
[Black "Joseph1983"]
[WhiteElo "2200"]
[BlackElo "2160"]
[Result "0-1"]
[Round "1"]
1.d4 d5
2.f4 Bc8f5
3.e3 e6
4.Bf1d3 Bf5xd3
5.Qd1xd3 Qd8h4
6.g3 Qh4e7
7.b3 Qe7b4
8.c3 Qb4a5
9.a4 c6
10.b4 Qa5c7
11.Bc1a3 a5
12.b5 Bf8xa3
13.Nb1xa3 Ng8f6
14.Ra1b1 Nb8d7
15.Ng1f3 c5
16.O-O Nd7b6
17.Qd3c2 cxd4
18.exd4 Nf6e4
19.Rb1c1 Ra8c8
20.Nf3d2 Ne4xc3
21.Nd2f3 Nb6xa4
22.Na3b1 O-O
23.Nf3e5 Qc7b6
24.Qc2f2 Qb6xb5
25.Nb1xc3 Na4xc3
26.Qf2e3 Nc3e2
 { time }
0-1

[Event "Tourn. n9828"]
[Site "www.echecsemail.com"]
[Date "2018.06.03"]
[Round "1"]
[White "Coolant"]
[Black "Fegatux"]
[WhiteElo "2350"]
[BlackElo "2290"]
[Result "1-0"]
[Round "1"]
1.Ng1f3 Ng8f6
2.c4 e6
3.Nb1c3 d5
4.cxd5 exd5
5.d4 c6
6.Bc1f4 Bf8e7
7.e3 O-O
8.Bf1d3 Bc8g4
9.h3 Bg4h5
10.g4 Bh5g6
11.Nf3e5 Nb8d7
12.Ne5xg6 fxg6
13.Qd1b3 Nd7b6
14.O-O Be7d6
15.Nc3e2 Kh8
16.a4 Ra8b8
17.a5 Nb6c8
18.Kg2 Qd8d7
19.Qb3c2 Nc8e7
20.Bf4xd6 Qd7xd6
21.Qc2c5 Qd6d7
22.Qc5xa7 Ne7g8
23.Qa7c5 Ng8e7
24.b4 Ne7c8
25.Qc5xf8 Nf6g8
26.f4 Qd7e6
27.Rf1f3 Qe6e7
28.Qf8xe7 Nc8xe7
29.f5 gxf5
30.Bd3xf5 Ng8f6
31.Ra1f1 g5
32.Ne2g3 b6
33.Bf5d3 Nf6d7
34.Rf3f7 Rb8e8
35.Rf7xh7 Kg8
36.Rf1f7 { resign }
1-0

[Event "Tourn. n9831"]
[Site "www.echecsemail.com"]
[Date "2018.06.03"]
[Round "1"]
[White "Traub"]
[Black "Passaroa25"]
[WhiteElo "1550"]
[BlackElo "1610"]
[Result "0-1"]
[Round "1"]
1.e4 Nb8c6
2.Ng1f3 Ng8f6
3.e5 Nf6d5
4.d4 e6
5.c4 Nd5e7
6.Nb1c3 Ne7f5
7.d5 Nc6e7
8.Bf1d3 a6
9.O-O { time. }
0-1

[Event "Match"]
[Site "www.echecsemail.com"]
[Date "2018.06.03"]
[Round "1"]
[White "Add"]
[Black "Tonino1"]
[WhiteElo "2230"]
[BlackElo "2130"]
[Result "1-0"]
[Round "1"]
1.e4 d6
2.d4 Ng8f6
3.Nb1c3 c6
4.h3 Qd8c7
5.Bc1g5 g6
6.Ng1f3 Bf8g7
7.Bf1d3 e5
8.Bg5xf6 Bg7xf6
9.d5 c5
10.Bd3c4 a6
11.a4 b6
12.O-O Nb8d7
13.Qd1d2 O-O
14.Nf3h2 Bc8b7
15.Nh2g4 Bf6g7
16.Nc3e2 h5
17.Ng4h2 Kh7
18.Qd2d3 f5
19.exf5 gxf5
20.c3 e4
21.Qd3g3 Nd7e5
22.Ne2f4 Qc7f7
23.Nf4e6 Bg7f6
24.Ne6xf8 Ra8xf8
25.b3 Rf8g8
26.Qg3e3 Bf6g5
27.Qe3e1 b5
28.axb5 axb5
29.Bc4xb5 Bb7xd5
30.c4 Bd5b7
31.Ra1a7 f4
32.Bb5a6 Rg8b8
33.Ba6xb7 Ne5g6
34.Qe1xe4  { time }
1-0

[Event "Tourn. n9724"]
[Site "www.chess-mail.com"]
[Date "2018.06.04"]
[Round "1"]
[White "Gvladutz"]
[Black "Seger"]
[WhiteElo "2530"]
[BlackElo "2770"]
[Result "1/2-1/2"]
[Round "1"]
1.c4 c5
2.Nb1c3 g6
3.g3 Bf8g7
4.Bf1g2 Nb8c6
5.e3 e6
6.Ng1e2 Ng8e7
7.O-O O-O
8.d4 cxd4
9.Ne2xd4 d5
10.cxd5 Ne7xd5
11.Nd4xc6 bxc6
12.Qd1a4 Qd8b6
13.Rf1d1 Nd5xc3
14.bxc3 Bg7xc3
15.Bc1a3 Bc3xa1
16.Ba3xf8 Kxf8
17.Bg2xc6 Ra8b8
18.Rd1xa1 Qb6c5
19.Ra1d1 Kg7
20.Qa4d4 Qc5xd4
21.Rd1xd4 Rb8b6
22.Bc6e4 e5
23.Rd4c4 Bc8h3
24.f4 exf4
25.exf4 Rb6a6
26.a4 Bh3e6
27.Rc4b4 Be6d7
28.Be4c2 Ra6c6
29.Rb4d4 Bd7e6
30.Rd4d2 h5
31.Kf2 Rc6c3
32.Bc2e4 Rc3c4
33.Be4c2 Be6c8
34.Bc2d1 Bc8g4
35.Bd1b3 Rc4b4
36.Bb3c2 Rb4b2
37.Ke1 Rb2a2
38.Bc2b3 Ra2a1
39.Kf2 Ra1a3
40.Rd2b2 Kf6
41.Bb3c2 Ra3a1
42.h4 Ra1a3
43.Bc2b3 a5
44.Bb3d5 Ra3xa4
45.Rb2b6 Bg4e6
46.Ke3 Ra4a3
47.Kf2 a4
48.Rb6a6 Ke7
49.Bd5xe6 fxe6
50.Kg2 Ra3a1
51.Kf3 a3
52.Kf2 Kd8
53.Ra6a7 a2
54.Kg2 Kc8
55.Ra7a5 Kb7
56.Ra5a3 Kc6
57.Ra3a5 Kb6
58.Ra5a4 Kc5
59.Ra4a5 Kb4
60.Ra5a7 Kb3
61.Ra7b7 Kc3
62.Rb7a7 { draw }
1/2-1/2

[Event "Tourn. n9783"]
[Site "www.chess-mail.com"]
[Date "2018.06.04"]
[Round "1"]
[White "Hansen"]
[Black "Gandalf50"]
[WhiteElo "1480"]
[BlackElo "1499"]
[Result "0-1"]
[Round "1"]
1.e4 c5
2.c3 Ng8f6
3.Qd1f3 d6
4.h3 Nb8c6
5.g4 h6
6.d4 cxd4
7.c4 Nc6e5
8.Qf3g3 Nf6xe4
9.Qg3g2 Qd8a5
10.Kd1 Ne4f6
11.Bc1d2 Qa5b6
12.g5 hxg5
13.b3 a5
14.Qg2xg5 Nf6e4
15.Qg5f4 Ne4xd2
16.Qf4xd2 Bc8f5
17.Nb1a3 Qb6b4
18.Qd2b2 d3
19.f4 Ne5g6
20.Ng1f3 Bf5e4
21.Bf1g2 Ng6xf4
22.Rh1g1 Nf4xg2
23.Nf3d2 Ng2e3
24.Ke1 Qb4xa3
25.Qb2xa3 Ne3c2
26.Kf2 Nc2xa3
27.Nd2xe4 g6
28.Ra1d1 Rh8xh3
29.Ne4g5 Rh3h2
30.Rg1g2 Rh2xg2
31.Kxg2 a4
32.Rd1f1 f6
33.Ng5e6 Kf7
34.Ne6c7 Ra8c8
35.Nc7d5 axb3
36.axb3 Na3c2
37.Nd5b6 Rc8c6
38.Nb6d5 f5
39.Nd5f4 Nc2e3
40.Kf2 Ne3xf1
41.Kxf1 e5
42.Nf4d5 e4
43.Kf2 Bf8h6
44.Kg3 d2
45.Nd5c3 f4
46.Kf2 e3
47.Kf3 Bh6g7
48.Nc3d5 d1Q
49.Kxf4 Bg7e5
50.Kg5 Qd1h5
{ resign }
0-1

[Event "Tourn. n9748"]
[Site "www.chess-mail.com"]
[Date "2018.06.04"]
[Round "1"]
[White "Caroluigi"]
[Black "Esperanza"]
[WhiteElo "1800"]
[BlackElo "2040"]
[Result "0-1"]
[Round "1"]
1.e4 c5
2.Ng1f3 d6
3.Bf1c4 e6
4.Nb1c3 Ng8f6
5.d4 cxd4
6.Qd1xd4 Bf8e7
7.O-O O-O
8.b3 Nb8c6
9.Qd4d2 a6
10.a4 Qd8c7
11.Bc1a3 Rf8d8
12.Rf1e1 Nc6a5
13.Bc4d3 b6
14.Ra1d1 Bc8b7
15.b4 Na5c4
16.Bd3xc4 Qc7xc4
17.Qd2d4 Qc4xd4
18.Nf3xd4 Ra8c8
19.Ba3b2 d5
20.e5 Nf6d7
21.Nc3a2 Nd7b8
22.c3 Nb8c6
23.Bb2c1 Nc6xd4
24.Rd1xd4 Bb7c6
25.a5 bxa5
26.bxa5 Bc6b5
27.Bc1b2 Bb5c4
28.Na2b4 Rc8c5
29.Re1a1 Rc5b5
30.Nb4c6 Rd8e8
31.Nc6xe7 Re8xe7
32.Ra1d1 h6
33.Bb2a3 Re7e8
34.Ba3b4 f6
35.Rd1e1 fxe5
36.Re1xe5 Rb5b7
37.h4 Rb7f7
38.g4 g6
39.Kg2 Kg7
 { time }
0-1

[Event "Tourn. n9788"]
[Site "www.chess-mail.com"]
[Date "2018.06.04"]
[Round "1"]
[White "Prize64"]
[Black "Caroluigi"]
[WhiteElo "2150"]
[BlackElo "2120"]
[Result "1-0"]
[Round "1"]
1.Ng1f3 Ng8f6
2.g3 d5
3.Bf1g2 c6
4.c4 e6
5.b3 Nb8d7
6.Bc1b2 Bf8d6
7.d3 O-O
8.Nb1d2 Rf8e8
9.O-O Qd8c7
10.Qd1c2 b6
11.e4 Bc8b7
12.Rf1e1 dxe4
13.Nd2xe4 Nf6xe4
14.dxe4 e5
15.Ra1d1 Ra8d8
16.Bg2h3 Nd7f6
17.Nf3h4 Bd6b4
18.Bb2c3 Bb4xc3
19.Qc2xc3 Rd8xd1
20.Re1xd1 c5
21.f3 g6
22.Qc3d3 Bb7c8
23.Bh3xc8  { time }
1-0

[Event "Tourn. n9788"]
[Site "www.chess-mail.com"]
[Date "2018.06.04"]
[Round "1"]
[White "Caroluigi"]
[Black "Ssharp"]
[WhiteElo "2120"]
[BlackElo "2180"]
[Result "0-1"]
[Round "1"]
1.e4 e6
2.d4 d5
3.Nb1d2 c5
4.exd5 exd5
5.dxc5 Bf8xc5
6.Nd2b3 Bc5e7
7.Ng1f3 Ng8f6
8.Bf1e2 O-O
9.O-O Nb8c6
10.Rf1e1 h6
11.Nf3d4 Bc8d7
12.Bc1e3 a6
13.a3 Qd8c7
14.Nd4f3 Be7d6
15.Be3c5 Rf8e8
16.Bc5xd6 Qc7xd6
17.Nb3d4 Ra8c8
18.Nd4xc6 Bd7xc6
19.Nf3d4 Qd6f4
20.Qd1d3 Bc6d7
21.Be2f3 Qf4g5
 { time }
0-1

[Event "Tourn. n9783"]
[Site "www.chess-mail.com"]
[Date "2018.06.04"]
[Round "1"]
[White "Gandalf50"]
[Black "Karadayi"]
[WhiteElo "1629"]
[BlackElo "1259"]
[Result "1-0"]
[Round "1"]
1.c4 e5
2.Ng1f3 Nb8c6
3.d4 e4
4.d5 exf3
5.dxc6 fxg2
6.cxd7 Qd8xd7
7.Qd1xd7 Bc8xd7
8.Bf1xg2 Bf8b4
9.Bc1d2 Bb4xd2
10.Nb1xd2 c6
11.O-O Ng8f6
12.Rf1d1 O-O-O
13.Nd2b3 a6
14.Rd1d2 Bd7f5
15.Ra1d1 Bf5c2
16.Rd2xd8 Rh8xd8
17.Rd1xd8 Kxd8
18.Nb3d4 Bc2b1
19.a3 Bb1a2
20.c5 Ba2d5
21.Bg2xd5 Nf6xd5
22.Nd4f5 g6
23.Nf5d6 Kc7
24.Nd6xf7 Nd5f4
25.Kf1 Nf4e6
26.b4 a5
27.e3 axb4
28.axb4 Ne6d8
29.Nf7xd8 Kxd8
30.Ke2 Ke7
31.Kd3 Ke6
32.Ke4 Kf6
33.Kf4 h6
34.e4 g5
35.Kf3 Ke5
36.Ke3 h5
37.f3 g4
38.f4 Kf6
39.Kd4 Ke6
40.f5 Kf6
41.Kd3 Ke5
42.Ke3 h4
43.Kf2 g3
44.hxg3 hxg3
45.Kxg3 { resign }
1-0

[Event "Match"]
[Site "www.echecsemail.com"]
[Date "2018.06.04"]
[Round "1"]
[White "Guillaumefi"]
[Black "Jackbauer"]
[WhiteElo "1589"]
[BlackElo "1830"]
[Result "1-0"]
[Round "1"]
1.d4 d5
2.Bc1f4 Nb8c6
3.Ng1f3 Ng8f6
4.Nb1c3 e6
5.a3 Bf8d6
6.Bf4g3 Qd8e7
7.e3 h6
8.h4 Nf6e4
9.Bg3xd6 Ne4xd6
10.Bf1d3 O-O
11.Nf3e5 Nc6xe5
12.dxe5 Nd6e8
13.Qd1e2 c6
14.O-O-O f5
15.exf6 Ne8xf6
16.f3 e5
17.e4 d4
18.Bd3c4 Kh8
19.Nc3b1 Bc8e6
20.c3 Ra8d8
21.cxd4 exd4
22.Nb1d2 d3
23.Bc4xd3 Qe7c5
24.Nd2c4 a5
25.Rh1e1 b5
26.b4 axb4
27.axb4 Qc5a7
28.Nc4b2 Rd8d4
29.Bd3c2 Be6c4
30.Nb2xc4 Rd4xc4
31.Rd1d3 Rc4xb4
32.Rd3b3 Qa7a1
33.Rb3b1 Qa1a3
34.Kd2 Rf8d8
35.Bc2d3 Qa3a2
36.Ke3 Qa2xe2
37.Re1xe2 Rb4d4
38.Rb1b3 Nf6e8
39.Re2d2 Rd8b8
40.Kxd4 { resign }
1-0

[Event "Match"]
[Site "www.echecsemail.com"]
[Date "2018.06.04"]
[Round "1"]
[White "Dussek"]
[Black "Juheset"]
[WhiteElo "1780"]
[BlackElo "1809"]
[Result "1-0"]
[Round "1"]
1.e4 c5
2.c3 Nb8c6
3.Ng1f3 e5
4.Bf1c4 Ng8f6
5.d3 Qd8c7
6.Nb1d2 a6
7.O-O b5
8.Bc4b3 h6
9.Rf1e1 d6
10.Nd2f1 Bc8b7
11.Nf1g3 g6
12.Bc1e3 Bf8g7
13.Qd1d2 a5
14.Bb3c2 Nf6d7
15.d4 cxd4
16.cxd4 exd4
17.Nf3xd4 O-O
18.Nd4xc6 Bb7xc6
19.Ra1b1 b4
20.b3 Nd7e5
21.Be3f4 Ra8d8
22.Qd2e3 Ne5g4
23.Qe3e2 Ng4f6
24.Rb1c1 g5
25.Bf4e3 Qc7b7
26.Bc2d3 Bc6xe4
27.Ng3xe4 Nf6xe4
28.Bd3xe4 Qb7xe4
29.Rc1c4 Qe4b7
30.Be3d4 Rd8e8
31.Qe2d2 Re8xe1
32.Qd2xe1 d5
33.Bd4xg7 Kxg7
34.Qe1e5 f6
35.Rc4c7 Kg6
36.Qe5e7 Qb7b8
37.Qe7h7 Kh5
38.f3 Qb8b6
39.Kf1 f5
40.Rc7c2 Qb6b5
41.Kf2 Qb5d3
42.Rc2e2 Rf8c8
43.Qh7f7 Kh4
44.g3 Kh3
45.Qf7h5 { resign }
1-0

[Event "Match"]
[Site "www.echecsemail.com"]
[Date "2018.06.04"]
[Round "1"]
[White "Claymil"]
[Black "Passaroa25"]
[WhiteElo "1990"]
[BlackElo "1670"]
[Result "1-0"]
[Round "1"]
1.d4 Ng8f6
2.c4 Nb8c6
3.g3 d6
4.Nb1c3 a6
5.Bf1g2 e6
6.e3 Bc8d7
7.Ng1e2 Bf8e7
8.O-O O-O
9.a3 Qd8c8
10.b4 Nc6d8
11.Bc1b2 Nd8c6
12.Qd1c2 g6
13.Ra1c1 Qc8b8
14.c5 d5
15.Ne2f4 b5
16.Nf4d3 a5
17.Qc2b3 Nf6h5
18.g4 Nh5f6
19.h3 a4
20.Qb3d1 g5
21.Nc3e2 Nf6e4
22.Ne2c3 f6
23.Nc3xe4 dxe4
24.Bg2xe4 h6
25.f4 Kg7
26.Qd1f3 Ra8a6
27.f5 e5
28.dxe5 Nc6xe5
29.Nd3xe5 fxe5
30.Bb2xe5 Be7f6
31.Qf3g3 Qb8e8
32.Be5xf6 Rf8xf6
33.Be4g2 c6
34.e4 Ra6a8
35.e5 Rf6f7
36.e6 Bd7xe6
37.Qg3e5 Rf7f6
38.fxe6 Qe8xe6
39.Qe5c7 Kg6
40.Rf1xf6 Kxf6
41.Qc7xc6 Qe6xc6
42.Bg2xc6 Ra8b8
43.Rc1d1 Ke5
44.Rd1d6 Kf4
45.Rd6xh6 Kg3
46.Kf1 Kf4
47.Kg2 Ke3
48.Rh6d6 Rb8f8
49.Bc6xb5 Rf8f2
50.Kg1 Kf3
51.Rd6f6 Kg3
52.Rf6xf2 Kxh3
53.c6 Kxg4
54.c7 { resign }
1-0

[Event "Tourn. n9849"]
[Site "www.echecsemail.com"]
[Date "2018.06.04"]
[Round "1"]
[White "Cathar"]
[Black "Piekki"]
[WhiteElo "2170"]
[BlackElo "2250"]
[Result "1-0"]
[Round "1"]
1.e4 c5
2.Ng1f3 Nb8c6
3.Bf1b5 g6
4.Bb5xc6 bxc6
5.O-O Bf8g7
6.Rf1e1 e5
7.b4 c4
8.Nb1a3 Bc8a6
9.Qd1e2 Ng8e7
10.Bc1b2 O-O
11.Bb2xe5 { resign }
1-0

[Event "Match"]
[Site "www.echecsemail.com"]
[Date "2018.06.04"]
[Round "1"]
[White "Geodad5"]
[Black "Tonino1"]
[WhiteElo "2200"]
[BlackElo "1950"]
[Result "0-1"]
[Round "1"]
1.e4 d6
2.d4 Ng8f6
3.Bf1d3 c6
4.Ng1f3 Qd8c7
5.O-O e5
6.c3 Bf8e7
7.h3 O-O
8.Bc1e3 h6
9.Nb1d2 Bc8e6
10.Ra1c1 Nb8a6
11.Bd3b1 Nf6h7
12.Nf3h2 Be7g5
13.Be3xg5 Nh7xg5
14.Nh2f3 Ng5xf3
15.Nd2xf3 f5
16.exf5 Be6xf5
17.Bb1xf5 Rf8xf5
18.Qd1d3 Ra8f8
19.Rc1e1 Na6b8
20.Re1e4 Nb8d7
21.dxe5 Nd7xe5
22.Nf3xe5 dxe5
23.b3 Rf8d8
24.Qd3e3 b6
25.Rf1e1 Kf8
26.Re4xe5 Rf5xe5
27.Qe3xe5 Qc7xe5
28.Re1xe5 Rd8d1
29.Kh2 Rd1d2
30.Re5f5 Ke7
31.a4 Rd2d3
32.Rf5f3 Rd3xf3
33.gxf3 Kf6
34.Kg3 Kf5
35.h4 g5
36.hxg5 hxg5
37.f4 gxf4
38.Kf3 c5
39.b4 Ke5
40.Ke2 cxb4
41.cxb4 Ke4
42.f3 Kd4
43.Kd2 a6
44.b5 a5
45.Ke2 Kc3
46.Ke1 Kd3
47.Kf2 Kd2
48.Kf1 Ke3
49.Kg2 Ke2
50.Kg1 Kxf3
51.Kf1 Ke3
52.Ke1 f3
53.Kf1 f2
{ resign }
0-1